| 000 | 00512nam a22001817a 4500 | ||
|---|---|---|---|
| 003 | OSt | ||
| 005 | 20151029155823.0 | ||
| 008 | 130624t xxu||||| |||| 00| 0 eng d | ||
| 020 | _a0785812857 | ||
| 050 |
_aPS 2253 _b.L853 2000 |
||
| 082 |
_aIB 811.008 _bL86 2000 |
||
| 245 |
_aHenry wadsworth longfellow : _bselected poems / _cJohanna Brownell and Lisa Lipkin. |
||
| 260 |
_aEdison, NJ : _bCastle Books, _cc2000. |
||
| 300 |
_a296 p. ; _c24 cm. |
||
| 562 | _e1 | ||
| 942 |
_2lcc _cBK |
||
| 999 |
_c3048 _d3048 |
||